Najpiękniejsze jeziora na świecie - Statystyki

Ogólne statystyki
  • Ten quiz został rozwiązany 19 razy
  • Średni wynik to 3 z 15
Statystyki odpowiedzi
Miejsce Kraj Jezioro % Poprawnych
9 Rosja Bajkał
82%
8 Peru/Boliwia Titicaca
65%
3 Włochy Como
53%
11 Jordania Morze Martwe
47%
15 Słowenia Jezioro Bled
29%
5 Stany Zjednoczone Jezioro Kraterowe
12%
6 Mjanma Inle
6%
14 Japonia Jezioro Kawaguchi
6%
1 Kanada Moraine
6%
13 Stany Zjednoczone Tahoe
6%
2 Gwatemala Atitlán
0%
7 Chile Jezioro Pehoé
0%
10 Indie Jezioro Pichola
0%
12 Boliwia Laguna Colorada
0%
4 Nowa Zelandia Wakatipu
0%
Nie znaleziono quizów pasujących do podanych kryteriów
Rozkład punktacji
Procent ludzi z każdym wynikiem
Percentyl według liczby udzielonych odpowiedzi
Twoja historia wyników
Nie rozwiązałeś tego quizu